000 00854nam a2200217 4500
001 81705
003 BD-RjUL
005 20230816161829.0
008 230816s1968 ii ||||| |||| 00| 0 urd d
035 _a(BD-RjUL)81705
040 _aBD-RjUL
_beng
_cBD-RjUL
041 _aurd
082 _223
_a891.43909
_bVAA 1968
100 _a سندىلوى٫ وصى احمد, Sandilavi, Wasi Ahmad,
_d1923
_98381
245 1 0 _aعبدالبارى آسى : اىک تحقىقى نظر / ʻAbdulbārī Āsī : ek taḥqīqī naz̤ar /
_cوصى احمد سندىلوى. ;; Vaṣī Aḥmad Sandīlvī
260 _aLakhnaʼū,
_bنسىم بکڈپو،, / Nasīm Bukḍipo,
_c1968
300 _a157 p. ;
_c19 cm
600 _aĀsī, ʻAbdulbārī
_98382
650 _aUrdu Literature
_vCriticism and interpretation Criticism, interpretation, etc
_98383
942 _2ddc
_cBK
999 _c81705
_d81705